Viva Santana /

Guardat en:
Dades bibliogràfiques
Autor principal: Santana, Carlos (música y ejecución musical)
Altres autors: McQuade, Tom (dir.) Conductor
Format: Diapositiva
Idioma:anglès
Publicat: Nueva York, EUA : BMG Entertainment, 2006, c2006
Matèries:
Etiquetes: Afegir etiqueta
Sense etiquetes, Sigues el primer a etiquetar aquest registre!

MARC

LEADER 00000ngm^a2200000^a^4500
001 000297921
005 20250521000000.0
009 20260310112352.123
020 |a 0-7389-0591-7 
037 |a Acervo ITESO - Biblioteca 
041 |a SON 
041 |a ING 
082 |a 787. 10973  |b SAN 
100 |a Santana, Carlos  |e (música y ejecución musical) 
240 1 1 |a [Going Home] 
240 1 1 |a [Persuasion] 
240 1 1 |a [Jingo] 
240 1 1 |a [Evil Ways] 
240 1 1 |a [Incident at Neshabur] 
240 1 1 |a [Black Magic Woman] 
240 1 1 |a [Europa, de Carlos Santana] 
240 1 1 |a [She's Not There] 
240 1 1 |a [Peraza] 
240 1 1 |a [Samba para ti] 
240 1 1 |a [All I Ever Wanted] 
240 1 1 |a [I Love You Much Too Much] 
240 1 1 |a [Blues for Salvador] 
240 1 1 |a [Soul Sacrifice] 
240 1 1 |a [Bella] 
240 1 1 |a [Treat] 
245 1 0 |a Viva Santana /  |c Música y guitarra C. Santana ; dir. de T. McQuade. 
264 4 |a Nueva York, EUA :  |b BMG Entertainment,  |c 2006, c2006 
300 |a 1 DVD multirregión  |c (83 min.) (DVD no disponible para préstamo externo) 
336 |a imagen móvil bidimensional  |b tdi  |2 rdacontenido 
337 |a video  |b v  |2 rdamedio 
338 |a videodisco  |b vd  |2 rdasoporte 
649 |a XX 
650 |a Músicos Mexicanos 
650 |a Músicos Norteamericanos 
650 |a Guitarra 
650 |a Rock -  |z EUA -  |x Tema Principal 
650 |a Música Popular Moderna -  |z EUA 
650 |a Música Norteamericana -  |y Siglo XX 
650 |a Santana, Carlos -  |x Tema Principal 
700 |a McQuade, Tom  |e (dir.) 
910 |a Fondo General 
920 |a Audiovisuales - DVDs 
940 |a DVDs y Videos de Música 
905 |a 307 
901 |a 0500176057  |b IT2  |c DVM  |i C117951  |u 20250521 
902 |a https://opac.biblio.iteso.mx/vufind/Record/000297921